Некоммутативное интегрирование уравнения Дирака в плоском пространстве и пространстве де Ситтера; Известия вузов. Физика; Т. 46, № 9

التفاصيل البيبلوغرافية
Parent link:Известия вузов. Физика/ Министерство общего и профессионального образования Российской Федерации ; Томский Госуниверситет.— , 1958-.— 0021-3411
Т. 46, № 9.— 2003.— с. 39-43
المؤلف الرئيسي: Тюменцев В. А.
مؤلفون آخرون: Клишевич В. В.
اللغة:الروسية
منشور في: 2003
سلاسل:Физика элементарных частиц и теории поля
الموضوعات:
التنسيق: فصل الكتاب
KOHA link:https://koha.lib.tpu.ru/cgi-bin/koha/opac-detail.pl?biblionumber=419918

MARC

LEADER 00000naa2a2200000 4500
001 419918
005 20231101073322.0
035 |a (RuTPU)RU\TPU\prd\77376 
035 |a RU\TPU\prd\19572 
090 |a 419918 
100 |a 20100227a2003 k y0rusy50 ca 
101 0 |a rus 
102 |a RU 
200 1 |a Некоммутативное интегрирование уравнения Дирака в плоском пространстве и пространстве де Ситтера  |f В. А. Тюменцев, В. В. Клишевич 
225 1 |a Физика элементарных частиц и теории поля 
320 |a Библиогр.: 5 назв. 
461 1 |0 (RuTPU)RU\TPU\prd\191  |x 0021-3411  |t Известия вузов. Физика  |f Министерство общего и профессионального образования Российской Федерации ; Томский Госуниверситет  |d 1958- 
463 1 |0 (RuTPU)RU\TPU\prd\77369  |t Т. 46, № 9  |v с. 39-43  |d 2003 
610 1 |a пространство де Ситтера 
610 1 |a уравнение Дирака 
610 1 |a четырехмерное плоское пространство 
610 1 |a произвольная сигнатура 
610 1 |a результаты 
675 |a 545.12  |v 3 
700 1 |a Тюменцев  |b В. А. 
701 1 |a Клишевич  |b В. В. 
801 1 |a RU  |b 63413507  |c 20031113  |g PSBO 
801 2 |a RU  |b 63413507  |c 20101028  |g RCR 
942 |c BK